|
|
|
|
| LEADER |
01129nam a2200289 a 4500 |
| 001 |
2966 |
| 003 |
BD-DhAAL |
| 005 |
20150416103440.0 |
| 008 |
150416s1993 vtua b 001 0 eng |
| 010 |
|
|
|a 92085207
|
| 020 |
|
|
|a 0939246341 :
|c $25.00
|
| 040 |
|
|
|a DLC
|c DLC
|d DLC
|d BD-DhAAL
|
| 050 |
0 |
0 |
|a HD66
|b .L56 1993
|
| 082 |
0 |
0 |
|a 658.4/02
|2 20
|
| 100 |
1 |
|
|a Lipnack, Jessica.
|9 10467
|
| 245 |
1 |
4 |
|a The teamNet factor :
|b bringing the power of boundary crossing into the heart of your business /
|c Jessica Lipnack & Jeffrey Stamps.
|
| 260 |
|
|
|a Essex Junction, VT :
|b Oliver Wight Publications,,
|c c1993.
|
| 300 |
|
|
|a xxix, 414 p. :
|b ill. ;
|c 24 cm.
|
| 504 |
|
|
|a Includes bibliographical references and index.
|
| 541 |
|
|
|e 2966
|
| 650 |
|
0 |
|a Teams in the workplace.
|9 8445
|
| 650 |
|
0 |
|a Interorganizational relations.
|9 7725
|
| 650 |
|
0 |
|a Strategic alliances (Business)
|9 10468
|
| 700 |
1 |
|
|a Stamps, Jeffrey.
|9 10469
|
| 942 |
|
|
|2 ddc
|c BK
|
| 999 |
|
|
|c 34252
|d 34252
|
| 952 |
|
|
|0 0
|1 0
|2 ddc
|4 0
|6 658_402000000000000_LIP
|7 0
|9 53472
|a SCL
|b SCL
|c GEN
|d 2015-04-16
|e Gift: The Asia Foundation
|l 0
|o 658.402 LIP
|p 3020002966
|r 2015-04-16
|t 1
|w 2015-04-16
|y BK
|